Normal view MARC view
  • Faisal, Inbisat

Entry Personal Name

Number of records used in: 1

001 - CONTROL NUMBER

  • control field: 126231

003 - CONTROL NUMBER IDENTIFIER

  • control field: NUST

005 - DATE AND TIME OF LATEST TRANSACTION

  • control field: 20241003104612.0

008 - FIXED-LENGTH DATA ELEMENTS

  • fixed length control field: 241003|| aca||aabn | a|a d

040 ## - CATALOGING SOURCE

  • Original cataloging agency: NUST
  • Transcribing agency: NUST

100 ## - HEADING--PERSONAL NAME

  • Personal name: Faisal, Inbisat

670 ## - SOURCE DATA FOUND

  • Source citation: Work cat.: (NUST): Faisal, Inbisat, Exploring the Lived Experiences of Female Domestic Workers in Islamabad, Pakistan: A Phenomenological Study/
© 2023 Central Library, National University of Sciences and Technology. All Rights Reserved.